[Event "Pan American Intercollegiate-chT"]
[Site "Dulles"]
[Date "2022.01.08"]
[Round "5.2"]
[White "Capocyan, Sam L"]
[Black "Balakrishnan, Praveen"]
[Result "0-1"]
[WhiteElo "2012"]
[BlackElo "2524"]
[PlyCount "53"]
[EventDate "2022.01.06"]
[EventType "team-swiss"]
[EventRounds "6"]
[EventCountry "USA"]
[SourceTitle "EXT 2023"]
[Source "ChessBase"]
[SourceDate "2022.10.05"]
[SourceVersion "1"]
[SourceVersionDate "2022.10.05"]
[SourceQuality "1"]
[WhiteTeam "Texas Austin Univ"]
[BlackTeam "Chicago Univ"]
[WhiteTeamCountry "USA"]
[BlackTeamCountry "USA"]

1. d4 Nf6 2. c4 g6 3. Nc3 d5 4. Nf3 Bg7 5. h4 c6 6. Bg5 dxc4 7. e4 Be6 8. e5 Nd5 9. Ne4 f6 10. Bd2 fxe5 11. Nxe5 Qb6 12. Nc5 Bxe5 13. Nxe6 Bxd4 14. Bxc4 Bxf2+ 15. Kf1 Nd7 16. Qe2 Nc5 17. Ng7+ Kd7 18. b4 Raf8 19. Qg4+ e6 20. bxc5 Be3+ 21. Ke2 Qb2 22. Qxe6+ Kc7 23. Rhd1 Rf2+ 24. Ke1 Rxd2 25. Qd6+ Kc8 26. Qe6+ Kb8 27. Qxe3 0-1

[Event "Dallas UT Fall op"]
[Site "Dallas"]
[Date "2016.11.22"]
[Round "8"]
[White "Lederer, Yoav"]
[Black "Capocyan, Sam L"]
[Result "0-1"]
[WhiteElo "2350"]
[BlackElo "2104"]
[PlyCount "154"]
[EventDate "2016.11.18"]
[EventType "swiss"]
[EventRounds "9"]
[EventCountry "USA"]
[SourceTitle "CBM 175 Extra"]
[Source "ChessBase"]
[SourceDate "2016.12.12"]
[SourceVersion "1"]
[SourceVersionDate "2016.12.12"]
[SourceQuality "1"]

1. Nf3 Nf6 2. c4 e6 3. g3 d5 4. Bg2 Be7 5. 0-0 0-0 6. b3 a5 7. Nc3 c6 8. e3 b6 9. d3 Ra7 10. Qc2 Ba6 11. Rd1 b5 12. Bb2 Nbd7 13. cxb5 cxb5 14. Rac1 Qb8 15. Qb1 Rc8 16. Bf1 Rac7 17. Ne2 b4 18. Rxc7 Rxc7 19. Rc1 Rxc1 20. Nxc1 Qc7 21. Ne1 Kf8 22. Qc2 Bd6 23. Qxc7 Bxc7 24. f3 Ke7 25. Be2 Ne8 26. Kf2 Kd6 27. h4 Bd8 28. Ng2 Bf6 29. d4 Bxe2 30. Kxe2 Kc6 31. Nd3 Nd6 32. Ngf4 g6 33. h5 Bg5 34. hxg6 hxg6 35. Nh3 Bh6 36. g4 Nb5 37. Nhf2 Bg7 38. Nd1 Bf6 39. Ne5+ Nxe5 40. dxe5 Be7 41. Kd3 Bh4 42. Ke2 Be7 43. Nf2 Nc7 44. Nd3 Na6 45. Bd4 Nc7 46. Ne1 Nb5 47. Bb2 Bc5 48. Nc2 Be7 49. Kd3 Bc5 50. Ne1 Be7 51. Ng2 Bg5 52. f4 Be7 53. Ne1 Nc7 54. Nf3 Na6 55. g5 Bc5 56. Nh2 Bf8 57. Ng4 Bc5 58. Nh2 Bf8 59. Bd4 Bc5 60. Bb2 Bf8 61. Bd4 Bc5 62. Ng4 Bxd4 63. Kxd4 Kd7 64. Nf6+ Kc6 65. Ne8 Nc5 66. Nd6 a4 67. bxa4 Nxa4 68. Kd3 Nc3 69. Nxf7 Nxa2 70. Nh8 b3 71. Nxg6 Kc5 72. Nf8 Kb4 73. Nxe6 Nc3 74. Nc7 b2 75. Nxd5+ Nxd5 76. Kc2 Ka3 77. g6 Ka2 0-1

[Event "Dallas UT Fall op"]
[Site "Dallas"]
[Date "2016.11.20"]
[Round "4"]
[White "Capocyan, Sam L"]
[Black "Raznikov, Danny"]
[Result "0-1"]
[WhiteElo "2104"]
[BlackElo "2512"]
[PlyCount "66"]
[EventDate "2016.11.18"]
[EventType "swiss"]
[EventRounds "9"]
[EventCountry "USA"]
[SourceTitle "CBM 175 Extra"]
[Source "ChessBase"]
[SourceDate "2016.12.12"]
[SourceVersion "1"]
[SourceVersionDate "2016.12.12"]
[SourceQuality "1"]

1. d4 Nf6 2. c4 e6 3. Nc3 Bb4 4. g3 0-0 5. Bg2 d5 6. Nf3 dxc4 7. 0-0 Nc6 8. Bg5 Rb8 9. e3 h6 10. Bxf6 Qxf6 11. Nd2 Na5 12. Qc2 Qe7 13. a3 Bd6 14. Nce4 e5 15. Nxc4 Nxc4 16. Qxc4 Rd8 17. Rfd1 Bg4 18. Nxd6 Rxd6 19. Rdc1 exd4 20. exd4 Rd7 21. Re1 Qf6 22. Re5 Be6 23. Qa4 Rbd8 24. Bxb7 Rxd4 25. Qa5 Rd2 26. f4 Rxb2 27. Qxc7 g6 28. Rae1 Rd7 29. Qc8+ Kg7 30. Bf3 Rdd2 31. Qa6 Rxh2 32. Qxa7 Rh3 33. Qe3 Rxg3+ 0-1